Vista normal Vista MARC

Entrada Nombre personal

Número de registros utilizados en: 1

001 - NÚMERO DE CONTROL

  • Campo de control: 45442

003 - IDENTIFICADOR DE NÚMERO DE CONTROL

  • Campo de control: OSt

005 - FECHA Y HORA DE LA ULTIMA MODIFICACION

  • Campo de control: 20210705094637.0

008 - ELEMENTOS DE DATOS DE LONGITUD FIJA

  • Campo de longitud fija: 210705|| aca||aabn | a|a d

040 ## - FUENTE DE LA CATALOGACIÓN

  • Agencia original de catalogación: OSt

100 1# - ENCABEZAMIENTO--NOMBRE DE PERSONA

  • Nombre personal: Magaña de González, Karla Cristina

670 ## - FUENTE DE DATOS ENCONTRADOS

  • Fuente de citación: Investigación, las complicaciones más frecuentes de la colecistectomía laparoscopica en Latinoamerica en el período de 2015 a 2020

670 ## - FUENTE DE DATOS ENCONTRADOS

  • Fuente de citación: BMC.- 05-07-2021